| 000 | 00652nam a22002057 4500 | ||
|---|---|---|---|
| 999 |
_c3494 _d3494 |
||
| 001 | 10529348 | ||
| 003 | OSt | ||
| 005 | 20211118091626.0 | ||
| 008 | 910717m19539999ii 000 0 eng | ||
| 010 | _altf91088452 | ||
| 040 |
_aDLC _cDLC _dDLC |
||
| 050 | 0 | 0 |
_aRS151.68 _b.M85 1953 |
| 110 | 1 |
_aIndia (Republic). _bPharmaceuticals and Drugs Research Committee. [from old catalog] |
|
| 245 | 0 | 4 |
_aThe Indian pharmaceutical codex, _cby B. Mukerji. |
| 260 |
_aNew Delhi, _bCouncil of Scientific & Industrial Research, _cc1953- |
||
| 300 | _av. <1- > | ||
| 504 | _aIncludes index | ||
| 906 |
_a0 _bcbc _cpremunv _du _encip _f19 _gy-gencatlg |
||
| 942 |
_2lcc _cBK |
||